000 00550nam a2200217 a 4500
005 20210219152842.0
008 991125n 000 0 spa u
035 _aUPN01000063194
100 1 _aShannon, Joseph W
222 _aCOUNSELING PSYCHOLOGIST
245 _aAffirmative psychoterapy for gay men
300 _a197-215
362 0 _a1991 Vol. 19, no. 2
653 0 _aHOMOSEXUALIDAD
653 0 _aPSICOTERAPIA
653 0 _aVIH/SIDA
700 1 _aWoods, William J.,
700 1 _ecoaut.
904 _aAC
_b001005
905 _aArticulo
999 _c62018
_d62018